Where's your tooth / [written by Rozanne Lanczak ... Read More
Available copies
- 0 of 1 copy available at LARL/NWRL Consortium.
Current holds
0 current holds with 1 total copy.
Show Only Available Copies
| Location | Call Number / Copy Notes | Barcode | Shelving Location | Status | Due Date |
|---|---|---|---|---|---|
| Thief River Falls Public Library | Guided Reading C-76 (Text) | 35500003523519 | Main | Checked out | 07/01/2026 |
Record details
- ISBN: 0916119491
- Physical Description: 8 p. : col. ill. ; 16 x 23 cm.
- Publisher: Cypress, CA : Creative Teaching Press, c1994.
Content descriptions
| Target Audience Note: | Emergent reader level 1. |
Search for related items by subject
| Subject: | Teeth > Fiction. |
Search for related items by series
| LDR | 00917cam a2200265Ia 4500 | ||
|---|---|---|---|
| 001 | 41410 | ||
| 003 | LARL_NWRL_CONSORTIUM | ||
| 005 | 20040603082609.0 | ||
| 008 | 950403s1994 caua 000 1 eng d | ||
| 020 | . | ‡a0916119491 | |
| 035 | . | ‡a(OCoLC)32247936 | |
| 092 | 0 | . | ‡aE ‡bW ‡220 |
| 099 | . | ‡aW | |
| 100 | 1 | . | ‡aWilliams, Rozanne Lanczak. ‡0(LARL_NWRL_CONSORTIUM)129876 |
| 245 | 1 | 0. | ‡aWhere's your tooth / ‡c[written by Rozanne Lanczak Williams ; illustrated by Rosanne Litzinger]. |
| 260 | . | ‡aCypress, CA : ‡bCreative Teaching Press, ‡cc1994. | |
| 300 | . | ‡a8 p. : ‡bcol. ill. ; ‡c16 x 23 cm. | |
| 490 | 0 | . | ‡aFun and fantasy ; ‡v3621 |
| 521 | 0 | . | ‡aEmergent reader level 1. |
| 650 | 1. | ‡aTeeth ‡vFiction. | |
| 700 | 1 | . | ‡aLitzinger, Rosanne. ‡0(LARL_NWRL_CONSORTIUM)55351 |
| 901 | . | ‡a41410 ‡bOCLC ‡c41410 ‡tbiblio | |

Add to basket
Permalink
Disable Highlighting